000 00836nam a22002657a 4500
003 PE SENCICO BE
005 20251020182709.0
008 241204b |||||||| |||| 00| 0 eng d
020 _a978-84-9728-345-8
040 _aPE SENCICO BE
_cPE SENCICO BE
041 _aspa
082 _a624.1
_bH47
100 1 _92741
_aHeyman, Jacques
_eautor
245 1 _aTeoría básica de estructuras /
_cHeyman, Jacques
250 _a[1a ed.]
260 _aMadrid :
_bInstituto Juan de Herrera ;
_c2011
300 _axv, 150 p. :
_bdiagrs. ;
_c23 cm.
505 0 _aResistencia -- Rigidez -- Análisis elástico -- Estabilidad
650 1 0 _9159
_aAnálisis estructural (Ingeniería)
650 2 0 _9481
_aElasticidad
650 2 0 _915
_aEstructuras
650 2 0 _92742
_aEstabilidad estructural
910 _ahfp
_bhfp
_chfp
942 _2ddc
_cLIB
999 _c5015
_d5015